000 04278cam a22004574i 4500
003 PE-LiUPU
005 20250731165439.0
008 160607s2016 pe a grm 000 0 spa d
035 _a(Sirsi) a157088
040 _aPE-LiUPU
_bspa
_cPE-LiUPU
_erda
099 _aTE 3 P18 2016
100 1 _aPaja Olvea, Norca,
_eautor
245 1 _a"Ayuda mutua": una estrategia para la comprensión de textos expositivos, en los estudiantes del colegio Comercio 32, Mariano Hilario Cornejo, Juliaca, 2014 /
_cNorca Paja Olvvea.
264 0 _c2016.
300 _a109 hojas :
_bilustraciones;
_c30 cm
336 _atext
_2rdacontent
337 _aunmediated
_2rdamedia
338 _avolume
_2rdacarrier
502 _aTesis
_b(Mg.) --
_cUniversidad Peruana Unión,
_d2016.
504 _aIncluye bibliografía
520 3 _aEl estudio queda enmarcado en las exigencias del objetivo general: determinar si la estrategia "ayuda mutua" es eficaz para la comprensión de textos expositivos en los estudiantes del tercer grado del nivel secundario del Colegio Comercio 32 Mariano Hilario Cornejo de la ciudad de Juliaca. La investigación es de tipo experimental y diseño cuasi experimental. Comprende el estudio de dos variables: variable independiente, estrategia "ayuda mutua". La variable dependiente: comprensión de textos expositivos; cuya dimensión de conocimientos comprende: nivel literal, nivel inferencial y nivel valorativo. La investigación se ha trabajado con una muestra compuesta por 22 estudiantes, con quienes además se ha desarrollado el programa, con la aplicación de la prueba de entrada y la prueba de salida. Dentro de los resultados se obtuvo que la media del promedio del nivel literal en la comprensión de textos expositivos de la prueba de entrada fue de 11.5200 puntos, con una desviación típica de 6.2547 y en una segunda vez, después de haber terminado de aplicar la estrategia, fue de 17.8182 puntos, con una desviación típica de 3.85000. En la escala nominal e intervalo ordinal de valoración, la prueba de entrada se encuentra en "regular" y prueba de salida "muy bueno"; es decir, la estrategia "ayuda mutua" es eficaz para el nivel literal de la comprensión de textos expositivos. La media del promedio del nivel inferencial en la comprensión de textos expositivos de la prueba de entrada fue 7.9361 puntos, con una desviación típica de 3.31295; una segunda vez, después de aplicar la estrategia, fue 15.7995 puntos, con una desviación típica de 2.18446. Dentro de la escala nominal e intervalo ordinal de valoración, la prueba de entrada se encuentra en "deficiente", de salida en "bueno". La estrategia "ayuda mutua" es eficaz para la comprensión en el nivel inferencial. La media del promedio del nivel valorativo en la comprensión de textos expositivos de la prueba de entrada fue 4.8000 puntos, con una desviación típica de 5.85947; después de aplicar la estrategia, fue de 15.0000 puntos, con una desviación típica de 6.72593. En la escala nominal e intervalo ordinal de valoración, la prueba de entrada se encuentra en "muy deficiente" y prueba de salida "bueno"; por tanto, la estrategia "ayuda mutua" es eficaz para el nivel valorativo de la comprensión de textos expositivos. En conclusión, el estudio abordado muestra que la eficacia de la estrategia "ayuda mutua" para la comprensión de textos expositivos; evidenciándose dentro de los resultados en la prueba de entrada una media del promedio de 8.5200, con una desviación típica de 3.20312, siendo "deficiente" la escala de valoración; luego del tratamiento se obtuvo 16.23, con una desviación típica de 1.87545, es decir "bueno".
526 _aSEG44
526 _aSEG26
526 _aP151
526 _aP150
526 _aP149
526 _aP146
526 _aP145
526 _aP126
526 _aP125
526 _aP92
526 _aP75
526 _aP74
526 _aP27
526 _aP15
650 1 4 _aComprensión de lectura
_xEstrategias de aprendizaje.
650 2 4 _aEducación secundaria
_xComprensión de lectura.
596 _a1
942 _2ddc
_cTESIS
999 _aTE 3 P18 2016
_wALPHANUM
_c9756
_iT01984
_lCCODEBUL3
_mBUL
_r1
_sY
_tTESIS
_u2016-6-7
_xPOSGRADO
_PP57
_o.STAFF. Tesis
_d9756
980 _81
_gALBERTO SANCHEZ Responsable de Automatización